| 000 | 00967nam a2200253Ia 4500 | ||
|---|---|---|---|
| 003 | OSt | ||
| 005 | 20220923224727.0 | ||
| 006 | a|||||r|||| 00| 0 | ||
| 007 | ta | ||
| 008 | 220922b |||||||| |||| 00| 0 hin d | ||
| 024 | _a249,244 | ||
| 037 | _cTextual | ||
| 040 |
_aARTS _cARTS _bhin |
||
| 041 |
_2hin _ahin |
||
| 082 | _aO15:gxE25,1, 152K7 | ||
| 100 |
_aपाठक, चन्द्रहंस _9156270 |
||
| 245 | 0 | _aऔचित्य सम्प्रदाय का हिन्दी काव्य शास्त्र पर प्रभाव | |
| 246 | _aAuchitya sampradāya kā hindī kāvya shāstra par prabhāva | ||
| 260 |
_aवाराणसी _b चौखम्बा विद्याभवन _c1967 |
||
| 300 |
_a383पृ. _ccm. |
||
| 650 | _aसंस्कृत साहित्य | ||
| 942 |
_hO15:gxE25,1, 152K7 _cTEXL _2CC |
||
| 999 |
_c373214 _d373214 |
||